Southville International School and Colleges
Your cart is empty.
  • Cart
  • Lists
    Public lists Eva Luna New books Lux_list list_1
    Your lists Log in to create your own lists
  • Log in to your account
  • Your cookies
  • Search history
Southville International School and Colleges
  • Advanced search
  • Recent comments
  • Most popular
  • Libraries

Log in to your account

Log in with GOOGLE


If you do not have an external account, but do have a local account, you can still log in:

  1. Home
  2. MARC view: The price of neglect /
Normal view MARC view ISBD view

The price of neglect / (Record no. 10389)

[ view plain ]
MARC details
000 -LEADER
fixed length control field 00929nam a2200289 a 4500
001 - CONTROL NUMBER
control field 3418507
003 - CONTROL NUMBER IDENTIFIER
control field OSt
005 - DATE AND TIME OF LATEST TRANSACTION
control field 20140310182208.0
008 - FIXED-LENGTH DATA ELEMENTS--GENERAL INFORMATION
fixed length control field 901219s1991 pau 000 0 eng
010 ## - LIBRARY OF CONGRESS CONTROL NUMBER
LC control number 90086216
020 ## - INTERNATIONAL STANDARD BOOK NUMBER
International Standard Book Number 9781850782001
040 ## - CATALOGING SOURCE
Original cataloging agency DLC
Transcribing agency DLC
050 00 - LIBRARY OF CONGRESS CALL NUMBER
Classification number BV4832.2
Item number .T692 1973
082 00 - DEWEY DECIMAL CLASSIFICATION NUMBER
Classification number 242
100 1# - MAIN ENTRY--PERSONAL NAME
Personal name Tozer, A. W.
Fuller form of name (Aiden Wilson),
Dates associated with a name 1897-1963.
9 (RLIN) 16605
245 14 - TITLE STATEMENT
Title The price of neglect /
Statement of responsibility, etc A.W. Tozer ; compiled by Harry Verploegh.
260 ## - PUBLICATION, DISTRIBUTION, ETC. (IMPRINT)
Place of publication, distribution, etc Camp Hill, Pa. :
Name of publisher, distributor, etc Christian Publications,
Date of publication, distribution, etc c1991.
300 ## - PHYSICAL DESCRIPTION
Extent 154 p. ;
Dimensions 21 cm.
521 ## - TARGET AUDIENCE NOTE
Target audience note
Source Lexile
526 ## - STUDY PROGRAM INFORMATION NOTE
Reading level 750L
562 ## - COPY AND VERSION IDENTIFICATION NOTE
Number of copies For circulation. 1 copy in the collection
650 #0 - SUBJECT ADDED ENTRY--TOPICAL TERM
Topical term or geographic name as entry element Meditations.
9 (RLIN) 10700
906 ## - LOCAL DATA ELEMENT F, LDF (RLIN)
a 7
b cbc
c orignew
d 2
e opcn
f 19
g y-gencatlg
942 ## - ADDED ENTRY ELEMENTS (KOHA)
Source of classification or shelving scheme Library of Congress Classification
Holdings
Withdrawn status Lost status Source of classification or shelving scheme Damaged status Home library Current library Shelving location Date acquired Total Checkouts Full call number Barcode Date last seen Copy number Price effective from Koha item type
    Library of Congress Classification   Luxembourg Library Luxembourg Library Reference Section 09/05/2013   BV 4832.2 .T692 1973 10945 09/05/2013 1 09/05/2013 Books

The price of neglect /

APA

Tozer A. W., . (1991). The price of neglect. Camp Hill, Pa: Christian Publications.

Chicago

Tozer A W, . 1991. The price of neglect. Camp Hill, Pa: Christian Publications.

Harvard

Tozer A. W., . (1991). The price of neglect. Camp Hill, Pa: Christian Publications.

MLA

Tozer A W, . The price of neglect. Camp Hill, Pa: Christian Publications. 1991.

  • Print
  • Cite
  • Add to your cart (remove)
  • Save record
    BIBTEX Dublin Core MARCXML MARC (non-Unicode/MARC-8) MARC (Unicode/UTF-8) MARC (Unicode/UTF-8, Standard) MODS (XML) RIS
  • More searches
    Search for this title in:
    Other Libraries (WorldCat) Other Databases (Google Scholar) Online Stores (Bookfinder.com) Open Library (openlibrary.org)

Exporting to Dublin Core...

SOUTHVILLE LIBRARY

Southville International School and Colleges Library

1281 Tropical Ave. Cor. Luxembourg St., BF Homes International, Las Pinas City

Tel. No. 8256374 / 252358 Loc. 117/146

Powered by Koha